Normal view
MARC view
Entry Personal Name
001 - CONTROL NUMBER
- control field: 941553
003 - CONTROL NUMBER IDENTIFIER
- control field: OSt
005 - DATE AND TIME OF LATEST TRANSACTION
- control field: 20260121110047.0
008 - FIXED-LENGTH DATA ELEMENTS
- fixed length control field: 260121|| aca||aabn | a|a d
040 ## - CATALOGING SOURCE
- Original cataloging agency: OSt
- Transcribing agency: OSt
100 ## - HEADING--PERSONAL NAME
- Personal name: राजेंद्र यादव / Rajendra Yadav
670 ## - SOURCE DATA FOUND
- Source citation: Work cat.: (OSt)1533218: राजेंद्र यादव / Rajendra Yadav, क्वांटम यांत्रिकी के अवयव, परमाणवीय व आणविक सिद्धांत / Quantum Yantriki ke Avayav, Paramanviy aur Anvik Siddhant, 2020
